| 000 | 04503nam a22003977a 4500 | ||
|---|---|---|---|
| 005 | 20100517095936.0 | ||
| 010 | _aHIN-89293 B-411922-934 | ||
| 020 |
_a9789350001691 _c325.00 |
||
| 035 | _aHN-61639 | ||
| 035 | _aB-411922-934 | ||
| 037 | _bDBAD/PUB | ||
| 082 | _a808.86 | ||
| 100 |
_aवर्मा, निर्मल _926721 |
||
| 245 |
_aचिट्ठियों के दिनः _cनिर्मल वर्मा; गंगन गिल द्वारा संपादित _bशाह परिवार के नाम पत्र / |
||
| 246 |
_aChitthiyon ke din: _bby Nirmal Varma; ed. by Gangan Gil |
||
| 260 |
_aनई दिल्ली _bवाणी प्रकाशन _c2010 |
||
| 270 |
_a4695, 21-ए, दरियागंज _bनई दिल्ली _e110002 |
||
| 300 |
_a221पृ _c22सेमी (सजिल्द) |
||
| 700 |
_aगिल, गंगन _919786 |
||
| 942 |
_2ddc _cHN _mवर्मानि _h808.86 |
||
| 999 |
_c36126 _d36126 |
||